000 00753nam a2200205 a 4500
001 BRCA_2113
005 20190320203655.0
008 120808s1991----mx-a---###---#000-0#spa-#
050 4 _aF1391.P8
_b.L43 56
_c1991
100 1 _aArellano Hernández, Alfonso
_96397
245 1 0 _aLos problemas del petrarca pintado
_cAlfonso Arellano Hernández.
260 _aPuebla, México
_bGobierno del Estado de Puebla : Secretaría de Cultura : Comisión Puebla V Centenario
_c1991
300 _a24 p.
_bil.
_c21 cm.
440 0 _aLecturas Históricas de Puebla
_n56
_96398
504 _aBibliografía: p. 22-24
651 4 _aPuebla (México)
_xHistoria
_9409
651 4 _aPuebla (México)
_xVida social y costumbres
_9408
653 0 _aVida cotidiana
942 _2lcc
_cB
999 _c1870
_d1870